书目信息 |
| 题名: |
国家公务员录用考试专业教材
|
|
| 作者: | 李永新 主编 | |
| 分册: | 申论 | |
| 出版信息: | 北京 人民日报出版社 2011 |
|
| 页数: | 10,382页 | |
| 开本: | 28cm | |
| 丛书名: | ||
| 单 册: | ||
| 中图分类: | G630.3 , D630.3 | |
| 科图分类: | ||
| 主题词: | 公务员--中国--考核--教材 , 写作 , 公文--写作--考核--教材 , 公务员 , 公文 , 政治--中国 | |
| 电子资源: | ||
| ISBN: | 978-7-5115-0325-1 | |
| 000 | 01070nam0 2200325 450 | |
| 001 | 1355691067 | |
| 005 | 20131009152910.59 | |
| 010 | @a978-7-5115-0325-1@dCNY42.00 | |
| 090 | @aG630@blyx | |
| 096 | @aD630@blyx | |
| 100 | @a20130314e20122011em y0chiy50 ea | |
| 101 | 0 | @achi |
| 102 | @aCN@b110000 | |
| 105 | @ay z 000yy | |
| 106 | @ar | |
| 200 | 1 | @a国家公务员录用考试专业教材@i申论@b专著@e2013中公版@f李永新主编@Aguo jia gong wu yuan lu yong kao shi zhuan ye jiao cai |
| 210 | @a北京@c人民日报出版社@d2011@h2012重印 | |
| 215 | @a10,382页@d28cm@e1光盘 | |
| 330 | @a本书分为基础知识、能力提升、高分技巧和考场实战四篇,内容包括申论考试规则、申论命题规律、申论核心思维等。 | |
| 606 | 0 | @a公务员@y中国@x考核@j教材 |
| 606 | 0 | @a写作 |
| 606 | 0 | @a公文@x写作@x考核@j教材 |
| 606 | 0 | @a公务员 |
| 606 | 0 | @a公文 |
| 606 | 0 | @a政治@x中国 |
| 690 | @aG630.3@v5 | |
| 690 | @aD630.3@v4 | |
| 701 | 0 | @a李永新@c(公务员考试)@4主编@Ali yong xin |
| 801 | 0 | @aCN@b大连网信软件有限公司图书馆·11@c20131009 |
| 905 | @aZUCC@dD630.3@e138(2012) | |
| 国家公务员录用考试专业教材.申论:2013中公版/李永新主编.-北京:人民日报出版社,2011(2012重印 ) |
| 10,382页;28cm+1光盘 |
| ISBN 978-7-5115-0325-1:CNY42.00 |
| 本书分为基础知识、能力提升、高分技巧和考场实战四篇,内容包括申论考试规则、申论命题规律、申论核心思维等。 |
| ● |
| 相关链接 |
|
|
|
|
正题名:国家公务员录用考试专业教材
索取号:D630.3/138(2012)
 
预约/预借
| 序号 | 登录号 | 条形码 | 馆藏地/架位号 | 状态 | 备注 |
| 1 | 0625829 | 206258299 | 第一样本阅览室/ [索取号:D630.3/138(2012)] | 在馆 |